Model business letter for powerful comunication

Bibliographic Details
Main Author: Tan, May
Format: Book
Published: Selangor : Crescent News (K.L.) Sdn Bhd , 2010
Subjects:

MARC

LEADER 00000cam a2200000 7i4500
001 0000045874
005 20150218.0
008 150218
020 |a 9789830619217 
090 0 0 |a 808.06665   |b TAN 
100 1 |a Tan, May 
245 1 0 |a Model business letter for powerful comunication   |c May Tan & Angie Chung 
260 |a Selangor :   |b Crescent News (K.L.) Sdn Bhd ,   |c 2010 
650 0 |a Business communication 
650 0 |a Business writing 
999 |a 0000133472   |b Book   |c Adult Collection   |e Cawangan Kota Tinggi 
999 |a 0001334713   |b Book   |c Adult Collection   |e Cawangan Bukit Gambir 
999 |a 0001334715   |b Book   |c Adult Collection   |e Cawangan Muar 
999 |a 0001334716   |b Book   |c Adult Collection   |e Cawangan Bandar Penawar 
999 |a 0001334717   |b Book   |c Adult Collection   |e Cawangan Tmn. Ungku Tun Aminah 
999 |a 0001334718   |b Book   |c Adult Collection   |e Cawangan Batu Pahat 
999 |a 0001334719   |b Book   |c Adult Collection   |e Cawangan Bandar Tenggara 
999 |a 0001334720   |b Book   |c Adult Collection   |e Cawangan Tangkak 
999 |a 0001334721   |b Book   |c Adult Collection   |e Cawangan Pontian 
999 |a 0001334722   |b Book   |c Adult Collection   |e Cawangan Segamat 
999 |a 0001334723   |b Book   |c Adult Collection   |e Cawangan Taman Sri Lambak 
999 |a 0001334724   |b Book   |c Adult Collection   |e Cawangan Mersing 
999 |a 0001334725   |b Book   |c Adult Collection   |e Cawangan Kota Tinggi 
999 |a 0001335800   |b Book   |c Adult Collection   |e Perbadanan Perpustakaan Awam Johor 
999 |a 0001335801   |b Book   |c Adult Collection   |e Perbadanan Perpustakaan Awam Johor 
999 |a 0001335802   |b Book   |c Adult Collection   |e Cawangan Urban Transformation Centre 
999 |a 1334715   |b Book   |c Adult Collection   |e Cawangan Muar